Statistiques concernant Pays d'Amérique du Sud avec une carte vierge

Cliquez ici pour prendre le quiz!

Statistiques générales

  • Ce quiz a été pris 1 677 fois
  • Le résultat moyen est 11 sur 12

Réponses sur la Carte

Les réponses sont colorées sur une échelle allant du rouge au vert en fonction du pourcentage des utilisateurs qui les ont devinées à leur premier essai. Vous pouvez retrouver ces pourcentages ci-dessous.
 

Statistiques - réponses

Pays% Correct
Argentine
100%
Brésil
100%
Chili
99%
Colombie
97%
Uruguay
97%
Bolivie
96%
Paraguay
96%
Pérou
96%
Venezuela
96%
Équateur
93%
Guyana
91%
Suriname
87%

Distribution des résultats

Percentile par nombre de réponses

% des personnes avec chaque résultat

Votre développement - résultats

Vous n’avez pas pris ce quiz